Most Populous 2nd Cities - Statistics

General Stats
  • This quiz has been taken 57,172 times
    22,306 since last reset
  • The average score is 13 of 20
Answer Stats
Population Continent City % Correct
40.8 m Asia Shanghai
93%
17.2 m Americas Los Angeles
92%
27.1 m Asia Mumbai
87%
12.5 m Americas Rio de Janeiro
87%
17.7 m Asia Osaka
84%
6.50 m Europe Saint Petersburg
80%
4.98 m Oceania Sydney
74%
4.88 m Europe Barcelona
71%
6.20 m Africa Alexandria
66%
4.98 m Africa Cape Town
65%
5.15 m Asia Ankara
58%
7.15 m Asia Hanoi
58%
14.5 m Asia Lahore
56%
4.28 m Americas Medellin
53%
4.43 m Americas Montreal
53%
6.00 m Americas Monterrey
48%
4.05 m Europe Naples
46%
5.20 m Africa Kano
36%
5.00 m Asia Chittagong
33%
6.95 m Asia Bandung
31%
No matching quizzes found
Score Distribution
Percent of People with Each Score
Percentile by Number Answered
Your Score History
You have not taken this quiz since the last reset